[Event "Val Tho Principal"]
[Site "?"]
[Date "2006.07.20"]
[Round "6"]
[White "Rodriguez"]
[Black "Fourcart, Marc"]
[Result "1-0"]
[WhiteElo "1903"]
[BlackElo "1830"]
[PlyCount "69"]
[SourceDate "2006.07.15"]

1. g3 d5 2. Bg2 Nf6 3. Nf3 Bf5 4. c4 e6 5. O-O Bxb1 6. Rxb1 c6 7. Qc2 Be7 8. b4
O-O 9. a4 dxc4 10. Ne5 Nbd7  11. Nxc4 Rc8 12. d4 Nd5 13. Bd2 N7f6
14. e4 Nb6 15. Na5 Qxd4 16. Be3 Qd7 17. Rfd1 Qc7 18. Bc5 Rfd8 19. Rdc1 Rd7 20.
h3 Rcd8  21. Bxe7 Rxe7 22. b5 Red7 23. bxc6 Rd2 24. Qxd2 Rxd2 25.
cxb7 Qb8 26. Kh2 g6 27. Rxb6 axb6 28. Rc8+ Rd8 29. Rxd8+ Qxd8 30. Nc6 Qd2 31. b8=Q+ Kg7 32. Qxb6 Qe1 33. Qd4 h5 34. Ne5 Qe2 35. Nd7 1-0

[Event "Val Tho Principal"]
[Site "?"]
[Date "2006.07.20"]
[Round "6"]
[White "Lauferon"]
[Black "Philippe"]
[Result "0-1"]
[WhiteElo "2217"]
[BlackElo "2411"]
[PlyCount "40"]
[SourceDate "2006.07.15"]

1. d4 d5 2. c4 e5 {le contre-gambit Albin...une antiquite!} 3. dxe5 d4 {
pour installer un avant-poste dans le camp blanc et gener leur developpement.
Le plan des noirs sera parfois d'attaquer le petit roque blanc, ou parfois
simplement de recuperer le pion e5.} 4. Nf3 ({
Le grand classique enseigne a tous les debutants :} 4. e3 $2 Bb4+ 5. Bd2 dxe3
6. Bxb4 (6. fxe3 {pas joli mais seul coup pour jouer}) 6... exf2+ 7. Ke2
fxg1=N+ $1 8. Rxg1 Bg4+) 4... Nc6 5. a3 {
pour eviter les memes types de problemes que dans la variante 4.e3?} ({
L'autre grande ligne (plus calme) commence par :} 5. g3 {
et les noirs peuvent repondre par le plan moderne :} 5... Nge7 6. Bg2 Ng6 7.
O-O Ngxe5 8. Nxe5 Nxe5 {ou bien par le plan ancien (mais critique de nos jours
a cause de l'attaque blanche rapide) : 5....Fg4 6.Fg2 Dd7 7.0-0 0-0-0 8.Da4 ...
}) 5... Bg4 6. Nbd2 Qe7 ({jouer} 6... Qd7 {
ici aurait moins de sens puisque les blancs n'ont pas joue g3}) 7. h3 Bh5 8.
Qa4 O-O-O 9. g4 {une suite critique et dangereuse pour les deux camps. Les
blancs chassent le fou mais rendent difficile (impossible?) leur roque de ce
cote} 9... Bg6 10. b4 {menace b5 puis Dxa7} 10... Kb8 11. Bb2 Nxe5 $5 {
le debut d'un sacrifice force. On peut jouer aussi f6.} 12. Nxe5 Qxe5 13. Nf3
Qe4 14. Bxd4 Rxd4 $5 {un sacrifice de qualite interessant} 15. Nxd4 Nf6 (15...
Qxd4 $4 {bien sur impossible a cause de} 16. Qe8+) 16. Rd1 $5 {redonne la
te pour l'attaque et un eventuel mat du couloir, mais il semble que les noirs
n'ont pas de probleme} (16. Nf3 {
est le coup critique ou les blancs gardent une qualite de plus mais} 16... Qxc4
17. Qd1 Qc3+ 18. Nd2 Bd6 {
et les noirs ont des compensations ... (une prochaine partie ...?)}) 16... Qxh1
 17. Nc6+ $4 {une gaffe apres laquelle les noirs sont gagnants} (
17. Nb5 {
qui menace Td8 et Dxa7, est le coup juste pour lutter encore, mais apres} 17...
Bc5 $1 18. bxc5 a6 19. Nd4 Ne4 {il est difficile de parer l'attaque noire Dg1
puis Dxg2, alors que le roi noir est (relativement) a l'abris}) 17... bxc6 18.
Rd8+ Kb7 19. c5 (19. b5 {ne marche pas non plus} 19... Bb4+ 20. Qxb4 Rxd8 21.
bxc6+ Kxc6 22. Qb5+ Kd6 {et le roi noir se sauve}) 19... Bxc5 $1 {
le plus net pour finir la partie} 20. Rxh8 Bxf2+  (20... Bxf2+ 21.
Kxf2 Ne4+ 22. Ke1 Qg1 {et les blancs perdent leur fou ... et aussi leur roi
(l'ordinateur annonce mat en 11 coups!)}) 0-1

[Event "Val Tho Accession"]
[Site "?"]
[Date "2006.07.21"]
[Round "7"]
[White "Lachaud"]
[Black "Uzbelger, Warren"]
[Result "0-1"]
[WhiteElo "1099"]
[BlackElo "1270"]
[PlyCount "38"]
[SourceDate "2006.07.15"]

1. e4 e5 2. Nf3 Nc6 3. Bc4 Bc5 4. d3 Nf6 5. Ng5 O-O 6. O-O h6 7. Nxf7 Rxf7 8.
Bxf7+ Kxf7 9. c3 Kg8 10. Qb3+ Kh8  11. Be3 Bxe3 12. fxe3 Ng4 13.
Qa3 d6 14. Re1 Qh4 15. Nd2 Qf2+ 16. Kh1 Qxd2 17. Rad1 Qf2 18. Qb3 Qh4 19. g3
Qxh2# 0-1

[Event "Val Tho Accession"]
[Site "?"]
[Date "2006.07.21"]
[Round "7"]
[White "Bende, J."]
[Black "Ogier, Tom"]
[Result "0-1"]
[WhiteElo "1399"]
[BlackElo "1500"]
[PlyCount "42"]
[SourceDate "2006.07.15"]

1. d4 d5 2. c4 e6 3. e3 Nf6 4. Nd2 c5 5. Ngf3 Nc6 6. Nb3 b6 7. Bd3 Be7 8. Bd2
Bb7 9. Ne5 Nxe5 10. dxe5 Nd7  11. Bc3 Qc7 12. f4 O-O 13. g3 dxc4
14. Bxc4 Bxh1 15. Kf2 Bb7 16. Nd2 Rad8 17. h4 Qc6 18. Be2 Qg2+ 19. Ke1 Qxg3+
20. Kf1 Bg2+ 21. Kg1 Bh3+ 0-1

[Event "Val Tho Accession"]
[Site "?"]
[Date "2006.07.21"]
[Round "7"]
[White "Parpillon"]
[Black "Arous"]
[Result "1-0"]
[WhiteElo "1757"]
[BlackElo "1720"]
[PlyCount "61"]
[SourceDate "2006.07.15"]

1. e4 e5 2. Nf3 Nc6 3. Nc3 Nf6 4. Bc4 Bc5 5. Na4 Nxe4 6. Nxc5 Nxc5 7. d4 d5 8.
Bb5 e4 9. Ne5 Nd7 10. Nxc6 bxc6  11. Bxc6 Rb8 12. Bxd5 Qe7 13. O-O
Nf6 14. Bc6+ Bd7 15. d5 O-O 16. b3 Bxc6 17. dxc6 Qe5 18. Be3 Rbd8 19. Qe2 a5
20. h3 Nd5  21. Rad1 Nb4 22. Rxd8 Rxd8 23. Rd1 Re8 24. Bd4 Qe6 25.
Qb5 Nxc6 26. Be3 Rb8 27. Qa6 Rc8 28. Qb7 Nb4 29. a3 Nxc2  30. Qxc7
Nxe3 31. Rd8+ 1-0

[Event "Val Tho Accession"]
[Site "?"]
[Date "2006.07.21"]
[Round "7"]
[White "Buzan"]
[Black "Maquoi"]
[Result "0-1"]
[WhiteElo "1370"]
[BlackElo "1345"]
[PlyCount "72"]
[SourceDate "2006.07.15"]

1. e4 e5 2. Nf3 Nf6 3. d3 Nc6 4. Bd2 Bc5 5. Bg5 d6 6. Nc3 h6 7. Bh4 g5 8. Bg3
Nh5 9. Be2 Nxg3 10. hxg3 Be6  11. Nh2 Qd7 12. Ng4 Qe7 13. Rxh6
Rxh6 14. Nxh6 O-O-O 15. Bg4 Rh8 16. Nd5 Qf8 17. Bxe6+ fxe6 18. Ne3 Rxh6 19. Qe2
Bxe3 20. Qxe3 Rh1+ 21. Ke2 Rxa1  22. a3 Qh6 23. Kd2 Rg1 24. Kc3
Rxg2 25. Qf3 Rh2 26. b4 Qh3 27. b5 Nd8 28. Kc4 Qg2 29. Qd1 Qxf2 30. Kb3 Qc5 31.
a4 Rg2 32. c4 Qf2 33. Qb1 Rxg3 34. Kc3 Qd4+ 35. Kd2 Rg2+ 36. Kc1 Qg1# 0-1

[Event "Val Tho principal"]
[Site "?"]
[Date "2006.07.21"]
[Round "7"]
[White "Marcantoni"]
[Black "Triger"]
[Result "1/2-1/2"]
[WhiteElo "2250"]
[BlackElo "2085"]
[PlyCount "27"]
[SourceDate "2006.07.15"]

1. Nf3 d5 2. g3 c6 3. Bg2 Nf6 4. O-O Bf5 5. b3 e6 6. Bb2 Be7 7. d3 h6 8. Nbd2
O-O 9. Qe1 a5 10. a4 Na6  11. e4 Bh7 12. Qe2 Nb4 13. Rac1 Na2 14.
Ra1 1/2-1/2

[Event "Val Tho principal"]
[Site "?"]
[Date "2006.07.21"]
[Round "7"]
[White "Dubois"]
[Black "Lefevre"]
[Result "1-0"]
[WhiteElo "1957"]
[BlackElo "1817"]
[PlyCount "31"]
[SourceDate "2006.07.15"]

1. c4 e6 2. Nf3 Nf6 3. Nc3 Bb4 4. Qc2 c5 5. d4 d5 6. e3 Nc6 7. dxc5 Bxc5 8. a3
b6 9. cxd5 Nxd5 10. Bb5 Nde7  11. b4 Bd6 12. Ne4 Bb7 13. Bb2 a6
14. Rd1 Bxb4+ 15. axb4 Qb8 16. Bxg7 1-0

[Event "Val Thorens Principal"]
[Site "?"]
[Date "2006.07.21"]
[Round "7"]
[White "Zanin"]
[Black "Chaillot"]
[Result "1-0"]
[WhiteElo "2063"]
[BlackElo "2098"]
[PlyCount "83"]
[EventDate "1985.09.??"]
[SourceDate "2006.07.15"]

1. e4 Nc6 2. Nf3 d6 3. d4 Nf6 4. Nc3 Bg4 5. d5 Ne5 6. Nxe5  6...
Bxd1 7. Bb5+ c6 8. dxc6 dxe5 9. c7+ Qd7 10. Bxd7+ Kxd7 11. Kxd1 Kxc7 12. Ke2 e6 13. Be3 a6 14. a3 Be7 15. f3 Rhd8 16. Rhd1 Nd7 17. Rd2
h6 18. Rad1 Bg5 19. Bxg5 hxg5 20. Na4 Nf8  21. Rxd8 Rxd8 22. Rxd8
Kxd8 23. Nc5 Kc7 24. Kd3 Ng6 25. g3 Ne7 26. b4 Nc6 27. c3 Nb8 28. Kc4 b6 29.
Nd3 Nd7 30. a4 Kc6  31. a5 f5 32. axb6 g4 33. exf5 gxf3 34. fxe6
Nxb6+ 35. Kb3 e4 36. e7 Kd7 37. Nc5+ Kxe7 38. Nxe4 Nd5 39. Kc4 Ne3+ 40. Kd3 Ng4
41. h3 f2 42. Ke2 1-0

[Event "Val Thorens Principal"]
[Site "?"]
[Date "2006.07.21"]
[Round "7"]
[White "Le Bescond"]
[Black "Colas"]
[Result "1-0"]
[WhiteElo "1720"]
[BlackElo "1850"]
[PlyCount "53"]
[EventDate "1985.09.??"]
[SourceDate "2006.07.15"]

1. e4 c5 2. c3 Nf6 3. e5 Nd5 4. d4 cxd4 5. Nf3 e6 6. cxd4 b6 7. Nc3 Nxc3 8.
bxc3 Qc7 9. Bd2 Be7 10. Bd3 Bb7  11. O-O h5 12. Re1 h4 13. h3 Bd5
14. c4 Bb7 15. Rc1 Qd8 16. d5 exd5 17. Nd4 g6 18. e6 dxe6 19. Nxe6 fxe6 20.
Bxg6+ Kd7  21. Qg4 Qg8 22. Rxe6 Kd8 23. Rxe7 Kxe7 24. Bb4+ Kd8 25.
Qg5+ Kd7 26. Qe7+ Kc6 27. Qd6# 1-0

[Event "Val Thorens Principal"]
[Site "?"]
[Date "2006.07.21"]
[Round "7"]
[White "Meng"]
[Black "Rodrigues"]
[Result "1-0"]
[WhiteElo "2058"]
[BlackElo "1909"]
[PlyCount "45"]
[EventDate "1985.09.??"]
[SourceDate "2006.07.15"]

1. e4 c6 2. f4 g6 3. d4 Bg7 4. Nf3 e6 5. b3 Ne7 6. Bd3 c5 7. c3 Nbc6 8. dxc5 b6
9. Ba3 Qc7 10. e5 bxc5  11. Be4 Ba6 12. Bxc5 Nxe5 13. Bxe7 Kxe7
14. fxe5 Bxe5 15. Bxa8 Bxc3+ 16. Nxc3 Qxc3+ 17. Kf2 Rxa8 18. Rc1 Qf6 19. Qd4
Qf5 20. Rc5 d5  21. Rc7+ Kd8 22. Rhc1 f6 23. Qc5 1-0

[Event "Val Thorens Principal"]
[Site "?"]
[Date "2006.07.21"]
[Round "7"]
[White "Mohr"]
[Black "Marchat"]
[Result "0-1"]
[WhiteElo "1901"]
[BlackElo "1929"]
[PlyCount "54"]
[EventDate "1985.09.??"]
[SourceDate "2006.07.15"]

1. e4 e5 2. f4 exf4 3. Bc4 Qh4+ 4. Kf1 d6 5. Nf3 Qh5 6. d4 g5 7. h4 f6 8. Kg1
g4 9. Ne1 Bh6 10. Nc3 Ne7  11. Nd3 f3 12. Bxh6 Qxh6 13. gxf3 Qe3+
14. Kg2 Qxd4 15. Bb3 h5 16. Nb5 Qb6 17. Ba4 Nbc6 18. Re1 gxf3+ 19. Qxf3 Rg8+
20. Kh2 Bg4  21. Qf1 O-O-O 22. Nc3 Ne5 23. Nxe5 dxe5 24. Bb3 Rgf8
25. Qg2 c6 26. Nd1 Ng6 27. Ne3 Nxh4 0-1

[Event "Val Thorens Principal"]
[Site "?"]
[Date "2006.07.21"]
[Round "7"]
[White "Lemaire"]
[Black "Josse"]
[Result "1-0"]
[WhiteElo "1903"]
[BlackElo "1896"]
[PlyCount "53"]
[EventDate "1985.09.??"]
[SourceDate "2006.07.15"]

1. e4 d5 2. exd5 Qxd5 3. d4 e5 4. Nf3 Nc6 5. Nc3 Qa5 6. d5 e4 7. dxc6 exf3 8.
Qxf3 b6 9. Bc4 Nf6 10. O-O Bg4  11. Re1+ Be7 12. Qg3 Qc5 13. h3
O-O-O 14. Ba6+ Kb8 15. hxg4 Bd6 16. Bf4 h5 17. Bxd6 Rxd6 18. g5 h4 19. Qe3 Qa5
20. Bd3 Nd5  21. Nxd5 Qxd5 22. Be4 Qe5 23. Qe2 Ka8 24. Qa6 Rb8 25.
Bf3 Qxg5 26. Re3 Rdd8 27. Ra3 1-0

[Event "Val Thorens Accession"]
[Site "?"]
[Date "2006.07.21"]
[Round "7"]
[White "Hamel"]
[Black "Sauvenière"]
[Result "1-0"]
[WhiteElo "1750"]
[BlackElo "1514"]
[PlyCount "73"]
[EventDate "1985.09.??"]
[SourceDate "2006.07.15"]

1. c4 g6 2. Nc3 Nf6 3. g3 Bg7 4. Bg2 O-O 5. Nf3 d6 6. O-O Nbd7 7. d3 Nb6 8. Rb1
a5 9. Re1 c6 10. Be3 Ng4  11. Bd2 e5 12. h3 Nf6 13. Bg5 h6 14.
Bxf6 Bxf6 15. Ne4 Bg7 16. Qb3 Ra6 17. Qc2 Be6 18. Red1 f5 19. Nc3 Qc7 20. Rbc1
Nd7 21. e3 Raa8 22. b3 f4 23. exf4 exf4 24. d4 fxg3 25. Qxg6 gxf2+ 26. Kxf2 Rf6
27. Qg3 Raf8 28. Ne4 Rf4 29. Re1 Kh7 30. Kg1 Nb6  31. Neg5+ hxg5
32. Nxg5+ Kh8 33. Nxe6 Bxd4+ 34. Kh1 Qf7 35. Nxf8 Bf2 36. Ng6+ Kh7 37. Qxf4 1-0

[Event "Val Thorens Principal"]
[Site "?"]
[Date "2006.07.21"]
[Round "6"]
[White "Colas"]
[Black "Jeannerot"]
[Result "0-1"]
[WhiteElo "1850"]
[BlackElo "1750"]
[PlyCount "58"]
[EventDate "1985.09.??"]
[SourceDate "2006.07.15"]

1. c4 e6 2. Nf3 Nf6 3. a3 d5 4. e3 Nbd7 5. Nc3 c6 6. d4 Bd6 7. b4 Bc7 8. Bb2
O-O 9. cxd5 exd5 10. Be2 Re8  11. O-O Nf8 12. Rc1 Qd6 13. Re1 Ng6
14. g3 h5 15. Qc2 h4 16. Nb5 Qd7 17. Nxc7 Qxc7 18. Ne5 hxg3 19. hxg3 Nxe5 20.
dxe5 Ng4  21. Bxg4 Bxg4 22. f4 Qd7 23. Qg2 Bh3 24. Qh1 Qg4 25. Rc2
Qxg3+ 26. Rg2 Qxe1+ 27. Kh2 Qxh1+ 28. Kxh1 Bxg2+ 29. Kxg2 a5 0-1

[Event "Val Thorens Principal"]
[Site "?"]
[Date "2006.07.21"]
[Round "7"]
[White "Horvath, J."]
[Black "Gladyshev"]
[Result "1-0"]
[WhiteElo "2526"]
[BlackElo "2457"]
[PlyCount "51"]
[EventDate "1985.09.??"]
[SourceDate "2006.07.15"]

1. e4 c5 2. Nc3 Nc6 3. g3 g6 4. Bg2 Bg7 5. d3 d6 6. Be3 Rb8 7. Qd2 b5 8. f4 b4
9. Nd1 e5 10. Nf3 Bg4  11. O-O Nd4 12. fxe5 dxe5 13. c3 Ne6 14.
cxb4 cxb4 15. Bxa7 Rb7 16. Be3 Ne7 17. Ng5 Nxg5 18. Bxg5 Be6 19. Ne3 Qd4 20.
Kh1 h6  21. Bxe7 Kxe7 22. Nd5+ Bxd5 23. exd5 Rd7 24. Rae1 Rxd5 25.
Rf4 Qxd3 26. Rxf7+ 1-0

[Event "Val Thorens Principal"]
[Site "?"]
[Date "2006.07.21"]
[Round "7"]
[White "Meinsohn"]
[Black "Perruchaud"]
[Result "1-0"]
[WhiteElo "2241"]
[BlackElo "2062"]
[PlyCount "49"]
[EventDate "1985.09.??"]
[SourceDate "2006.07.15"]

1. e4 d5 2. exd5 Nf6 3. Nc3 Nxd5 4. Bc4 Be6 5. Qf3 c6 6. Nge2 Nc7 7. d3 Bxc4 8.
dxc4 g6 9. h4 h5 10. Ne4 Ne6  11. Bd2 Bg7 12. O-O-O Nd7 13. Bc3
Bxc3 14. Qxc3 Rf8 15. Nd4 Nxd4 16. Qxd4 Qc7 17. Rhe1 O-O-O 18. Qxa7 Qf4+ 19.
Kb1 Qg4 20. b3 Qf5 21. Rd4 Kc7 22. Ng3 Qf6 23. Red1 c5 24. Qa5+ Kc6 25. Qb5+
1-0

[Event "Val Thorens Accession"]
[Site "?"]
[Date "2006.07.22"]
[Round "8"]
[White "Lemaire"]
[Black "Heudre"]
[Result "0-1"]
[WhiteElo "1670"]
[BlackElo "1780"]
[PlyCount "34"]
[EventDate "1985.09.??"]
[SourceDate "2006.07.15"]

1. e4 c5 2. Nf3 Nc6 3. d4 cxd4 4. Nxd4 e5 5. Nb5 Bc5 6. Nd6+ Kf8 
7. Nc4 Qh4 8. Ne3 Qxe4 9. Bd3 Qh4 10. O-O d6 11. Qf3 Be6 12. c3 Nf6 13. Bc2 e4
14. Qe2 Ne5 15. Nd2 d5  16. Re1 Neg4 17. Nxg4 Nxg4 0-1

[Event "Val Thorens Accession"]
[Site "?"]
[Date "2006.07.22"]
[Round "8"]
[White "Arous"]
[Black "Varin"]
[Result "0-1"]
[WhiteElo "1720"]
[BlackElo "1670"]
[PlyCount "38"]
[EventDate "1985.09.??"]
[SourceDate "2006.07.15"]

1. e4 c5 2. Nf3 d6 3. d4 cxd4 4. Nxd4 Nf6 5. Nc3 a6 6. Be2 e6 7. O-O Be7 8. Be3
O-O 9. f4 e5  10. Nf5 Bxf5 11. exf5 Nbd7 12. Qe1 Rc8 13. Bf3 b5
14. Qf2 Rc4 15. Bd5 Rxc3 16. Bxf7+ Rxf7  17. bxc3 Nd5 18. fxe5
dxe5 19. Bd2 Bc5 0-1

[Event "Val Thorens Principal"]
[Site "?"]
[Date "2006.07.22"]
[Round "8"]
[White "Stojanovic"]
[Black "Marchat"]
[Result "1-0"]
[WhiteElo "1852"]
[BlackElo "1929"]
[PlyCount "53"]
[EventDate "1985.09.??"]
[SourceDate "2006.07.15"]

1. e4 e5 2. Nf3 Nc6 3. Bc4 Bc5 4. b4 Bxb4 5. c3 Be7 6. O-O d6 7. Qb3 Nh6 8. d4
O-O 9. dxe5 Nxe5 10. Qa4 Nxc4 11. Qxc4 Ng4 12. Rd1 Be6 13.
Qe2 f6 14. Nd4 Bc8 15. e5 Nxe5 16. f4 Nc6 17. Nxc6 bxc6 18. f5 Qe8 19. Qg4 Kh8
 20. Rd3 Rg8 21. Rh3 g5 22. Rh5 Ba6 23. h4 Qb8 24. Be3 Qb2 25. hxg5 Rg7 26. g6 Rag8 27. Qh3 1-0

[Event "Val Thorens Principal"]
[Site "?"]
[Date "2006.07.22"]
[Round "8"]
[White "Vignale"]
[Black "Costa"]
[Result "1-0"]
[WhiteElo "2087"]
[BlackElo "1840"]
[PlyCount "65"]
[EventDate "1985.09.??"]
[SourceDate "2006.07.15"]

1. d4 Nf6 2. c4 g6 3. Nc3 d5 4. cxd5 Nxd5 5. e4 Nxc3 6. bxc3 c5 7. Be3 Bg7 8.
Bc4 O-O 9. Ne2 cxd4 10. cxd4 Nc6 11. O-O Bg4 12. f3 Na5 13.
Bd5 Bc8 14. Rc1 e6 15. Bb3 b6 16. Qd3 Bb7 17. Ba4 Rc8 18. Rxc8 Qxc8 19. Rc1 Ba6
20. Bb5 Bxb5 21. Qxb5 Qd8 22. e5 Qb8 23. Qd7 Rd8 24. Qc7 Bf8 25. Ng3 Ba3 26.
Qxb8 Rxb8 27. Rc7 Ra8 28. Ne4 Kg7 29. Ng5 Kg8 30. Nxf7 b5  31.
Nh6+ Kh8 32. Bg5 Rf8 33. Bf6+ 1-0

[Event "Val Thorens Accession"]
[Site "?"]
[Date "2006.07.22"]
[Round "8"]
[White "Garlopeau"]
[Black "Mangone"]
[Result "1-0"]
[WhiteElo "1440"]
[BlackElo "1730"]
[PlyCount "57"]
[EventDate "1985.09.??"]
[SourceDate "2006.07.15"]

1. d4 d5 2. Nf3 Nf6 3. c4 e6 4. Nc3 c6 5. e3 Nbd7 6. cxd5 exd5 7. Bd3 Bd6 8.
O-O Qc7  9. e4 dxe4 10. Nxe4 O-O 11. Nxd6 Qxd6 12. Re1 b6 13. Bg5
Bb7 14. Rc1 Rfe8 15. Qd2 Rxe1+ 16. Rxe1 Rd8 17. Bf4 Qd5 18.
b3 c5 19. Bc4 Qc6 20. dxc5 bxc5 21. Bd6 Ne5 22. Rxe5 Rxd6 23. Qe2 Nd7 24. Re8+
Nf8  25. Bxf7+ Kxf7 26. Qe7+ Kg6 27. Qg5+ Kf7 28. Re7+ Kg8 29.
Qxg7# 1-0